00788nam a22002177a 4500001000700000003000900007005001700016007000700033008005000040020001500090040002200105082001500127100002000142240005900162245011900221260006400340300004800404500006400452700002100516700003300537000709DO-SdBNP20161117111918.0000709161117b 1989 nyu a ||||| |||| 00| 0 spa d a0689713517 aBPMSUbspacBPMSU axxxxbxxxx1 aViorst, Judith10aAlexander, who used to be rich last Sunday.lEspañol10aAlexander, que era rico el domingo pasado /cJudith Viorst ; ilustrado por Ray Cruz ; traducido por Alma Flor Ada. aNew York :bAladdin Paperbacks, bLibros Colibrí, c1989. a32 páginas sin numerar :bil. ; c19 cm.  aTraducción de Alexander, who used to be rich last Sunday.12aCruz, Ray,eil.12a Ada, Alma Flor,etr.d1938-